| 000 | 01532nam0a22003611 4500 | ||
|---|---|---|---|
| 001 | RU\NLR\INFOCOMM_10\5000068972 | ||
| 005 | 20250806205507.0 | ||
| 035 | _a(NLR Aleph) 010758431 | ||
| 090 |
_a48059 _c48059 |
||
| 100 | _a20150420d1944 u y0rusy50 ca | ||
| 101 | 0 | _arus | |
| 102 | _aRU | ||
| 105 | _ay z ||||| | ||
| 135 | _acrbn 008apadp | ||
| 200 | 1 |
_aПесни о Ленинграде _e[ноты] _eдля голоса с ф.-п. _fА. Животов _gна тексты Наталии Горской |
|
| 210 |
_aМосква _aЛенинград _cИскусство _d1944 |
||
| 325 | _aКопия доступна в Электрон. б-ке РНБ | ||
| 606 | 1 | 0 |
_aБлокада Ленинграда _z1941 - 1944 _2nlr_sh _3RU\NLR\AUTH\661253360 |
| 700 | 1 |
_aЖивотов _bА. _4070 |
|
| 702 | 1 |
_aГорская _bН. _gНаталия _4480 |
|
| 801 | 1 |
_aRU _binfocomm _c20150420 |
|
| 801 | 0 |
_aRU _bNLR _gPSBO |
|
| 852 |
_aNLR _bЛ3-350 _j1/4 _pЛН.58 |
||
| 856 | 0 | _uhttp://vivaldi.nlr.ru/ab000002644/view | |
| 856 | 1 | _uhttp://vivaldi.nlr.ru/ab000002644/cover | |
| 856 | 2 | _uhttp://vivaldi.nlr.ru/ab000002644/text | |
| 901 | _eКнижные издания | ||
| 942 | _cBOOK | ||
| 945 | _aРоссийская национальная библиотека | ||
| 980 | _aNB | ||
| 980 | _aBV | ||
| 981 | 3 | 7 |
_a(37) Ленинград в Великой Отечественной войне _b(37) Книги блокадного Ленинграда |
| 981 | 3 | 4 | _a(34) Санкт-Петербург |